000 00400nam a22001697a 4500
003 NUST - PNEC
005 20170116180959.0
008 150912b xxu||||| |||| 00| 0 eng d
020 _a-
040 _cLIBRARY
082 _a621.3815 CMO
100 _99413
_aIntegrated
245 _aCMOS: Databook
_cIntegrated
260 _c-
650 _99416
_aCMOS- Integrated circuits
_xEE
942 _2ddc
_cBK
999 _c66638
_d66638